000 00406nam a2200085Ia 4500
008 180130s9999 xx 000 0 und d
245 _cChristina A. Grosso
_aChildren with Developmental Disabilities
300 _aBook title: Trauma-focused CBT for children and adolescents : treatment applications--Acession number c20996; pages 149-174
650 _aCOGNITIVE THERAPY, POST-TRAUMATIC STRESS DISORDER--TREATMENT,
999 _c354614
_d354614